000 00567nam a2200169Ia 4500
008 090711s9999 xx 000 0 und d
082 _b1214
100 _aगरुड विवेक
245 _aप्रतिमा : एक गाणे
260 _bकॉन्टीनेन्टल प्रकाशन
_c1998
300 _a69
600 _aगरुड विवेक
630 _aप्रतिमा : एक गाणे
700 _aगरुड विवेक
730 _aप्रतिमा : एक गाणे
942 _cBOOK
999 _c334076
_d334076